Mining the web (Record no. 21756)
[ view plain ]
| 000 -LEADER | |
|---|---|
| fixed length control field | 00315nam a2200157Ia 4500 |
| 082 ## - DEWEY DECIMAL CLASSIFICATION NUMBER | |
| Classification number | 4.65 |
| Item number | CHA |
| 100 ## - MAIN ENTRY--PERSONAL NAME | |
| Personal name | Chakrabarti/Soumen |
| 245 ## - TITLE STATEMENT | |
| Title | Mining the web |
| 260 ## - PUBLICATION, DISTRIBUTION, ETC. | |
| Name of publisher, distributor, etc. | Elsevier |
| Date of publication, distribution, etc. | 2003 |
| 366 ## - TRADE AVAILABILITY INFORMATION | |
| Publishers's discount category | 20 |
| 300 ## - PHYSICAL DESCRIPTION | |
| Extent | 344 |
| 546 ## - LANGUAGE NOTE | |
| Language note | ENGLISH |
| -- | electronics |
| 654 ## - SUBJECT ADDED ENTRY--FACETED TOPICAL TERMS | |
| Focus term | mining |
| 942 ## - ADDED ENTRY ELEMENTS (KOHA) | |
| Koha item type | BOOK |
| Withdrawn status | Lost status | Damaged status | Not for loan | Collection | Home library | Current library | Date acquired | Source of acquisition | Cost, normal purchase price | Inventory number | Total Checkouts | Full call number | Barcode | Date last seen | Date last checked out | Cost, replacement price | Price effective from | Koha item type |
|---|---|---|---|---|---|---|---|---|---|---|---|---|---|---|---|---|---|---|
| CRC | Fr. Agnel's C.Rodrigues College of Engineering | Fr. Agnel's C.Rodrigues College of Engineering | 17/03/2023 | Professional Book House. | 280.00 | 48 dt 14/08/2010 | 1 | 4.65 CHA | 20768 | 15/02/2024 | 02/01/2024 | 350.00 | BOOK |